| 000 | 00992pam a2200253 a 4500 | ||
|---|---|---|---|
| 001 | 3959442 | ||
| 005 | 20180228090512.0 | ||
| 008 | 940324s1995 paua b 001 0 eng c | ||
| 010 | _a 94011970 | ||
| 020 | _a0397550537 (alk. paper) | ||
| 040 |
_aDNLM/DLC _cDLC _dDLC |
||
| 041 | _aeng | ||
| 060 | 1 | 0 | _aWB 205 B329g 1995 |
| 080 | _a616.0754 BAR | ||
| 082 | 0 | 0 |
_a616.0754 BAR _220 |
| 100 | 1 | _a5 | |
| 101 | _aEKZ | ||
| 245 | 1 | 2 |
_aA guide to physical examination and history taking / _cBarbara Bates, Lynn S. Bickley, Robert A. Hoekelman ; with a chapter on the pregnant woman by Joyce E. (Beebe) Thompson ; illustrations by Susan Shapiro Brenman. |
| 504 | _aIncludes bibliographical references (p. 663-675) and index. | ||
| 740 | 0 | _aPhysical examination and history taking. | |
| 906 |
_a7 _bcbc _corignew _d1 _eocip _f19 _gy-gencatlg |
||
| 942 |
_2ddc _cBK |
||
| 999 |
_c43727 _d43727 |
||